01305nam a2200313 i 450000500170000000700030001700800410002002000150006104000350007604100080011104300120011908200220013110000480015324501160020125000220031726400520033930000500039133600270044133700330046833800280050149000610052950400410059050500500063165000590068165100580074065100630079865100630086165100670092420220317000544.0ta160601s2000 ck o gr 000 0 spa d a9588052564 aCO-BoRNBPbspaerdacCO-BoRNBP0 aspa as-ck---04a986.126bB27m2231 aBetancur Gómez, Jorge Mariod1964-eautor10aMoscas de todos los coloresbhistoria del barrio Guyaquil de Medellín 1894-1934cJorge Mario Betancur Gómez aPrimera edición 1aBogotá, ColombiabMinisterio de Culturac2000 a482 páginasbFotos en blanco y negroc21 cm atextobtxt2rdacontent asin mediaciónbn2rdamedia avolumenbnc2rdacarrier aColección Premios Nacionales de Cultura 1998. Historia aIncluye referencias bibliográficas1 aNacer -- Civilizar -- Gastar -- Morir -- Amar17aArquitecturazMedellín (Antioquia, Colombia)2ARMARC 4aMedellín (Antioquia, Colombia)xHistoriay1874-1934 4aMedellín (Antioquia, Colombia)xVida social y costumbres 4aMedellín (Antioquia, Colombia)xCondiciones económicas 4aGuayaquil (Barrio, Medellín, Colombia)xCondiciones sociales